000 00269nam a2200109Ia 4500
008 201231s9999 xx 000 0 und d
100 _aRosch, Winn L.
245 0 _a(The) Winn L. Rosch Hardware Bible
260 _aNew Delhi
_bPrentice-Hall
300 _a1520
942 _cBK
999 _c9776
_d9776